Riadenie rizika a hodnotenie výkonnosti podniku

Definícia rizika. Klasifikácia podnikových rizík. Riadenie rizika. Strategický manažment a riadenie. Riadenie rizika ako súčasť správy a riadenia podniku. Hodnotenie výkonnosti podniku.

Na minha lista:
Detalhes bibliográficos
Autor principal: Klučka, Jozef
Formato: Capítulo de Livro
Idioma:eslovaco
Assuntos:
Tags: Adicionar Tag
Sem tags, seja o primeiro a adicionar uma tag!

MARC

LEADER 00000naa$a2200000$$$4500
001 0046164
005 20231116082950.7
041 0 |a slo 
044 |a SK 
245 1 0 |a Riadenie rizika a hodnotenie výkonnosti podniku  |c Jozef Kľučka 
520 |a Definícia rizika. Klasifikácia podnikových rizík. Riadenie rizika. Strategický manažment a riadenie. Riadenie rizika ako súčasť správy a riadenia podniku. Hodnotenie výkonnosti podniku. 
610 2 0 |a riadenie rizík 
610 2 0 |a risk management 
610 2 0 |a metóda Value at Risk 
610 2 0 |a manažment strategický 
610 2 0 |a výkonnosť 
610 2 0 |a výkony podnikové 
610 2 0 |a stratégia podniková 
100 1 |a Klučka, Jozef